|
|
|
|
| LEADER |
02031nam a2200493 a 4500 |
| 001 |
EBC836594 |
| 003 |
MiAaPQ |
| 005 |
20200520144314.0 |
| 006 |
m o d | |
| 007 |
cr cn||||||||| |
| 008 |
120228s2012 caua sb 001 0 eng d |
| 010 |
|
|
|z 2012008075
|
| 020 |
|
|
|z 1118217977 (hardback)
|
| 020 |
|
|
|z 9781118217979
|
| 020 |
|
|
|a 9781118284407 (electronic bk.)
|
| 035 |
|
|
|a (MiAaPQ)EBC836594
|
| 035 |
|
|
|a (Au-PeEL)EBL836594
|
| 035 |
|
|
|a (CaPaEBR)ebr10580273
|
| 035 |
|
|
|a (CaONFJC)MIL365606
|
| 035 |
|
|
|a (OCoLC)779472281
|
| 040 |
|
|
|a MiAaPQ
|c MiAaPQ
|d MiAaPQ
|
| 043 |
|
|
|a a------
|
| 050 |
|
4 |
|a HF3752.3
|b .G55 2012
|
| 082 |
0 |
4 |
|a 337.5
|2 23
|
| 245 |
0 |
0 |
|a Global strategies for emerging Asia
|h [electronic resource] /
|c Anil K. Gupta, Toshiro Wakayama, U. Srinivasa Rangan, editors.
|
| 250 |
|
|
|a 1st ed.
|
| 260 |
|
|
|a San Francisco :
|b Jossey-Bass,
|c c2012.
|
| 300 |
|
|
|a xvi, 335 p. :
|b ill.
|
| 490 |
1 |
|
|a Jossey-Bass business & management series
|
| 504 |
|
|
|a Includes bibliographical references and index.
|
| 505 |
0 |
|
|a pt. 1. Gearing up for the new global reality -- pt. 2. Winning the local competition in emerging Asia -- pt. 3. Acquisition-driven globalization from emerging Asia -- pt. 4. Innovation opportunities and challenges in emerging Asia.
|
| 533 |
|
|
|a Electronic reproduction. Ann Arbor, MI : ProQuest, 2015. Available via World Wide Web. Access may be limited to ProQuest affiliated libraries.
|
| 650 |
|
0 |
|a International business enterprises
|z Asia.
|
| 651 |
|
0 |
|a Asia
|x Commerce.
|
| 651 |
|
0 |
|a Asia
|x Foreign economic relations.
|
| 651 |
|
0 |
|a Asia
|x Economic policy
|y 21st century.
|
| 651 |
|
0 |
|a Asia
|x Economic conditions
|y 21st century.
|
| 655 |
|
4 |
|a Electronic books.
|
| 700 |
1 |
|
|a Gupta, Anil K.,
|d 1949-
|
| 700 |
1 |
|
|a Wakayama, Toshiro,
|d 1952-
|
| 700 |
1 |
|
|a Rangan, U. Srinivasa.
|
| 710 |
2 |
|
|a ProQuest (Firm)
|
| 830 |
|
0 |
|a Jossey-Bass business & management series.
|
| 856 |
4 |
0 |
|u https://ebookcentral.proquest.com/lib/matrademy/detail.action?docID=836594
|z Click to View
|